000 00456nam a2200181 i 4500
001 bgj
100 1 _aMORGNER, Irmtraud.
245 1 0 _aHochzeit in Konstantinopol :
_bRoman /
_cIrmtraud Morgner.
260 _aMünchen :
_bCarl Hanser Verlag.
300 _a249 s. ;
_c19 cm.
650 9 _aPowieść niemiecka
040 _cBPK
041 0 _ager
044 _aDEU
080 _a821.112.2-3
942 _cKS
008 s gw f |000 0 ger
999 _c50596
_d50596
856 _uhttp://koha.tu.koszalin.pl/cgi-bin/koha/opac-detail.pl?biblionumber=50596
_yKatalog online BPK